LEADER 00739nam0 2200229 4500 001 9910162259803321 005 20170214124232.0 010 $a9788813358693 100 $a20170214d2016---- km y0itay50 ba 101 0 $aita 102 $aIT 105 $a 001yy 200 1 $aProfili penali del negazionismo$eriflessioni alla luce della sentenza della corte Edu sul genocidio armeno (2015)$fCarmelo Domenico Leotta 210 $a[Assago]$cWolters Kluwer$a[Padova]$cCedam$d2016 700 1$aLeotta,$bCarmelo Domenico$0739943 801 0$aIT$bUNINA$gREICAT$2UNIMARC 901 $aBK 912 $a9910162259803321 952 $a5,1-779$bP303$fDSPCP 959 $aDSPCP 996 $aProfili penali del negazionismo$91468648 997 $aUNINA LEADER 01527nam 2200517 a 450 001 9910454981203321 005 20200520144314.0 010 $a1-280-70827-1 010 $a9786610708277 010 $a0-313-00696-2 035 $a(CKB)111056485489490 035 $a(OCoLC)51389707 035 $a(CaPaEBR)ebrary10004895 035 $a(SSID)ssj0000245047 035 $a(PQKBManifestationID)11217657 035 $a(PQKBTitleCode)TC0000245047 035 $a(PQKBWorkID)10175983 035 $a(PQKB)10379384 035 $a(MiAaPQ)EBC3000435 035 $a(Au-PeEL)EBL3000435 035 $a(CaPaEBR)ebr10004895 035 $a(EXLCZ)99111056485489490 100 $a20010109d2002 uy 0 101 0 $aeng 135 $aurcn||||||||| 181 $ctxt 182 $cc 183 $acr 200 10$aShakespearean characterization$b[electronic resource] $ea guide for actors and students /$fLeslie O'Dell 210 $aWestport, Conn. $cGreenwood Press$d2002 215 $a1 online resource (309 p.) 300 $aBibliographic Level Mode of Issuance: Monograph 311 $a0-313-31144-7 320 $aIncludes bibliographical references (p. [277]-280) and indexes. 606 $aActing 608 $aElectronic books. 615 0$aActing. 676 $a792.9/5 700 $aO'Dell$b Leslie$0975819 801 0$bMiAaPQ 801 1$bMiAaPQ 801 2$bMiAaPQ 906 $aBOOK 912 $a9910454981203321 996 $aShakespearean characterization$92287650 997 $aUNINA